01136 2200181 4500245007800000020002200078250001100100100001400111700001500125650001700140005001900157260004100176041001400217084001100231300002300242500068000265336000900945 aI Wuf U b : Ketika Terlalu Takut Mengatakan I Love YoucWulanfadihText a978-602-6940-66-7 aCet. 2 aWulanfadi aAnggia Eka aNovel Remaja a20240215091303 aJakarta SelatanbCoconut Booksc2017 aIndonesia a808.83 a440 hlm :c21,5 cm aNovel ini berisi kisah tentang Iris, Ira, Ari dan AldenKalian akan berkenalan dengan Iris, perempuan yang hidup dengan menari, bernapas seraya menutup diri dari dunia, dan tidak pernah mengerti arti kasih sayang yang sebenernya. Kalian akan mengikuti kehidupan kecil Ira, perempuan yang paham akan artinya sesak, satu dari jutaan hati malang yang tersesat, dan iri yang memuncak. Kalian akan mengerti Ari, laki-laki yang berusaha berubah menjadi lebih baik, menahan candu dengan permen Yupi, dan terjebak zona pertempuran. Kalian akan jautn hati pada Alden, laki-laki yang berhadap pada 0,1 persen, berjuang mengalahkan penyakitnya, dan tahu sakitnya bertepuk sebelah tangan. atext